000 01006cam a2200313 a 4500
999 _c154
_d154
001 017878044
003 UkOxU
005 20190729111334.0
008 100818s2011 enk 000 1 eng|d
015 _aGBB0B6267
_2bnb
020 _a9780753827406 (pbk.)
035 _a(Uk)015659199
035 _a(StEdALDL)1/2465909
040 _aStDuBDS
_beng
_cStDuBDS
_dUkOxU
082 0 4 _aFIC OBR
_222
100 1 _aObreht, Téa.
_eauthor
245 1 4 _aThe tiger's wife /
_cTéa Obreht.
260 _aLondon :
_bPhoenix,
_c2011.
300 _a335 p. ;
_c20 cm.
500 _aFirst published in Great Britain: Weidenfeld & Nicolson, 2011.
500 _a"Portions of this book appeared previously in The New Yorker in a different form." --T.p. verso.
650 0 _aWomen physicians
_vFiction.
650 0 _aGrandparent and child
_vFiction.
650 0 _aFamily secrets
_vFiction.
651 0 _aBalkan Peninsula
_vFiction.
730 0 _aNew Yorker.
942 _2ddc
_cFIC